Самоубийството (Запис номер 33070)
[ съкратено ]
| 000 -Лидер | |
|---|---|
| Контролно поле с фиксирана дължина | 01335nam a2200325 c 4500 |
| 003 - Код на организацията, давaща контролен номер | |
| Контролно поле | BLK |
| 005 - Дата и час на последна редакция | |
| Контролно поле | 20180422100153.0 |
| 008 - Елементи от данни с фиксирана дължина | |
| fixed length control field | 180408b bul|||||r ||||||| ||bul|| |
| 010 ## - Наследен системен номер | |
| LC control number | KNG00035753000 |
| 020 ## - Международен стандартен номер на книга ISBN | |
| Международен стандартен номер на книга ISBN | 954-8036-04-5 |
| -- | издат.: Женифер-Хикс |
| 040 ## - Източник на каталожния запис | |
| Идентификатор на билиотеката - собственик на записа | BLK |
| 041 ## - Код за език | |
| Код за езика на текст/звукозапис или на отделно заглавие | Български |
| Код за езика КДБФ | Български |
| 080 ## - УДК | |
| Текстов определител УДК | Уважение към човешкия живот. Дуел. Самоубийство. Убийство. Самоотбрана |
| УДК код - определител по УДК | 179.7 |
| УДК определител | :316.62 |
| УДК - код + определител | 179.7:316.62 |
| 100 1# - Редна дума - Автор | |
| Автор | Дюркем, Емил |
| Авторска отговорност | първи автор |
| R(LIN) | 66277 |
| 139 ## - Редно поле | |
| Редна дума | Дюркем, Емил |
| Авторски знак | Дюм - Д 98 |
| 245 10 - Сведения за заглавието | |
| Заглавие | Самоубийството |
| Подзаглавни данни | Социол. изследване |
| Редно поле (дума) | Емил Дюркем; прев. от фр. Евгения Димитрова Грекова. |
| 257 ## - Страна на издаване | |
| Страна на създаване/издаване | Франция |
| 260 ## - Област на издателските данни | |
| -- | София |
| Име на издателя, разпространителя и проч. | Женифер-Хикс |
| Година на издаване | 1999 |
| Печатница | Враца : Плакра |
| 300 ## - Физическа характеристика | |
| Страници | 532 с. |
| Илюстрации и др. | с табл. |
| Размери/Мащаб | 20 см |
| 380 ## - Жанр | |
| Жанр | Философия |
| 650 #4 - Допълнително описание по предмет – тема | |
| Основно описание – тема или топоним | Самоубийство |
| 9 (RLIN) | 170199 |
| 653 ## - Ключова дума – ненормативна | |
| Ключова дума | самоубийство |
| 653 ## - Ключова дума – ненормативна | |
| Ключова дума | социологически изследвания |
| 700 1# - Други автори (авторска отговорност) | |
| Лично име | Грекова, Евгения Димитрова |
| Автороска отговорност (Описва отношението между автора и произведението) | прев. от фр. |
| 9 (RLIN) | 365780 |
| 852 ## - Местоположение | |
| Форматна сигнатура | Цб 208346 |
| 856 4# - Електронен адрес и достъп | |
| Електронен формат | pdf - файл |
| Път до файла /url/ | |
| 856 4# - Електронен адрес и достъп | |
| Електронен формат | pdf - файл |
| Път до файла /url/ | |
| 942 ## - АРТИКУЛИ | |
| Вид на библиотечния материал | Книги |
| Скрит в OPAC | Не |
| 944 ## - СЪЗДАВАНЕ И РЕДАКЦИЯ на ЗАПИСА | |
| Създаване/Редакция | Създаване |
| Дата на регистрацията/редакция | 15.01.2003 |
| Служител, извършил регистрацията/редакцията | Геновева_Генчева |
| 944 ## - СЪЗДАВАНЕ И РЕДАКЦИЯ на ЗАПИСА | |
| Създаване/Редакция | Редакция |
| Дата на регистрацията/редакция | 07.08.2003 |
| Служител, извършил регистрацията/редакцията | |
| 999 ## - СИСТЕМНИ КОНТРОЛНИ НОМЕРА | |
| Koha biblionumber | 33070 |
| Koha biblioitemnumber | 33070 |
| Код за отписване | Код за изгубен артикул | Източник на класификационната схема | Код за повреда | Коз за рестрикции | Код за отдаване | Артикулен № | Име на библиотеката - собственик | Име на библиотеката, в която се намира в момента | Статус (Текущо местоположение) | Дата на вписване в системата | Местоположение - отдел | Цена в лева | Инвентарен номер | Систематично азбучна сигнатура | Баркод | Номер на екземпляра | Цена в евро | Служебна бележка | Служебен тип на артикула |
|---|---|---|---|---|---|---|---|---|---|---|---|---|---|---|---|---|---|---|---|
| Не е изгубен | Universal Decimal Classification | Не е повреден | без рестрикции | заемане за дома | 52845 | Регионална библиотека "Любен Каравелов" Русе | Регионална библиотека "Любен Каравелов" Русе | Дубликат | 2001-01-01 | Заемна - подръчен фонд | 8.00 | 662187 | П 17/Д 98 | 120000662187 | 1 | 4.09 | Дост: Pk Вид: Ф N: стар фонд Дата: 01.01.2001 Дата инв: 02.02.2018 Бележки инв: П2018 | Книги | |
| Не е изгубен | Не е повреден | без рестрикции | ползва се в читалня | 52846 | Регионална библиотека "Любен Каравелов" Русе | Регионална библиотека "Любен Каравелов" Русе | Хранилище | 2003-07-30 | Хранилище | 8.00 | 120000678011 | Цб 208346 | 120000678011 | 2 | 4.09 | Дост: Dp Вид: Д N: 34 Дата: 14.08.2002 | Книги |